| 000 | 00643nam a2200229Ia 4500 | ||
|---|---|---|---|
| 003 | OSt | ||
| 005 | 20220918212908.0 | ||
| 006 | a|||||r|||| 00| 0 | ||
| 007 | ta | ||
| 008 | 220917b |||||||| |||| 00| 0 eng d | ||
| 024 | _a130,632 | ||
| 037 | _cTextual | ||
| 040 |
_aARTS _cARTS _beng |
||
| 041 |
_2eng _aeng |
||
| 082 | _aXxM42x, L5.2 | ||
| 100 |
_aWhitaker J K ed _9125079 |
||
| 245 | 0 | _aEarly economic writings of Alfred matrshall ,1867-1890 edited by JK Whitaker | |
| 260 |
_aLondon _bMacmillan _c1975 |
||
| 650 | _aECONOMICS | ||
| 942 |
_hXxM42x, L5.2 _cTEXL _2CC |
||
| 999 |
_c253756 _d253756 |
||